00338 a2200097 4500001000900000005001700009008004100026245008600067100002400153773006300177ART_787620260410161638.0260409a 10aProvincia de Buenos Aires. Actividad financiera. Recientes opiniones de interés1 aCalcagno, Gabriel A0 tConsultor tributariog- Vol. 2, Nº 16 (jun. 2008)wREV474